header

Are Pakistan's women entrepreneurs being served by the microfinance sector? (Record no. 36305)

MARC details
000 -LEADER
fixed length control field 01341nam a2200337Ia 4500
082 04 - DEWEY DECIMAL CLASSIFICATION NUMBER
Classification number 332
100 1# - MAIN ENTRY--AUTHOR NAME
Personal name Haq, Aban.
245 10 - TITLE STATEMENT
Title Are Pakistan's women entrepreneurs being served by the microfinance sector?
260 ## - PUBLICATION, DISTRIBUTION, ETC. (IMPRINT)
Place of publication Washington, D. C. :
Name of publisher World Bank,
Year of publication 2013.
300 ## - PHYSICAL DESCRIPTION
Number of Pages xiii, 63 p. :
Other physical details ill, maps.
650 #0 - SUBJECT ADDED ENTRY--TOPICAL TERM
Topical Term Businesswomen
Topical Term Microfinance
Topical Term Women-owned business enterprises
Topical Term Small business
700 1# - ADDED ENTRY--PERSONAL NAME
Personal name Safavian, Mehnaz,
856 40 - ELECTRONIC LOCATION AND ACCESS
Uniform Resource Identifier http://site.ebrary.com/lib/rucke/Doc?id=10732094

No items available.

© 2026 Rongo University
Contact us: librarian | system librarian | Rongo university